<The> protocol bible air force protocol and etiquette for the 21st century
Gespeichert in:
| 1. Verfasser: | |
|---|---|
| Format: | Buch |
| Sprache: | Englisch |
| Veröffentlicht: |
Charleston
[s.n.]
2011
|
| Schlagworte: | |
| Tags: |
Keine Tags, Fügen Sie das erste Tag hinzu!
|
MARC
| LEADER | 00000nam a2200000 4500 | ||
|---|---|---|---|
| 001 | 0143251 | ||
| 005 | 20240313131340.9 | ||
| 020 | |a 9781-46369-1066 | ||
| 020 | |a 9781463691066 | ||
| 041 | 0 | |a eng | |
| 044 | |a US | ||
| 245 | 1 | 0 | |a <The> protocol bible |b air force protocol and etiquette for the 21st century |c by Dirksen L. Aucutt |
| 264 | 1 | |a Charleston |b [s.n.] |c 2011 | |
| 300 | |a 209 s. | ||
| 610 | 2 | 0 | |a etiketa |
| 610 | 2 | 0 | |a diplomacia |
| 610 | 2 | 0 | |a správanie |
| 610 | 2 | 0 | |a odevy |
| 610 | 2 | 0 | |a pohostinstvo |
| 610 | 2 | 0 | |a konferencie |
| 610 | 2 | 0 | |a poradenstvo profesionálne |
| 610 | 2 | 0 | |a informácie |
| 100 | 1 | |a Aucutt, Dirksen L. | |